[Event "Petroupoli-ch"]
[Site "Petropouli"]
[Date "2014.02.15"]
[Round "4"]
[White "Mastrokostopoulos, Ioannis"]
[Black "Fanos, Alexandros"]
[Result "0-1"]
[WhiteElo "1000"]
[BlackElo "1139"]
[PlyCount "100"]
[EventDate "2014.01.25"]
[EventType "swiss"]
[EventRounds "7"]
[EventCountry "GRE"]
[SourceTitle "EXT 2015"]
[Source "ChessBase"]
[SourceDate "2014.11.20"]
[SourceVersion "1"]
[SourceVersionDate "2014.11.20"]
[SourceQuality "1"]

1. d4 c6 2. Nf3 d5 3. Bf4 Bf5 4. e3 e6 5. Bd3 Bxd3 6. cxd3 Nd7 7. Nbd2 c5 8. e4 Qb6 9. b3 cxd4 10. e5 Bb4 11. Qc1 Ne7 12. g4 Ng6 13. Bg3 Bc3 14. Rb1 Qa6 15. Qc2 Nc5 16. Ke2 0-0 17. h4 Ne4 18. Nxe4 dxe4 19. h5 exd3+ 20. Qxd3 Qxa2+ 21. Kf1 Ne7 22. Kg2 Nd5 23. Nxd4 Bxd4 24. Qxd4 Rfd8 25. Qe4 Nc3 26. Ra1 Qxb3 27. Qe3 Qd5+ 28. f3 Qd2+ 29. Bf2 Qxe3 30. Bxe3 Rd5 31. Rac1 Na2 32. Rc2 Rxe5 33. Bf2 Nb4 34. Rc3 h6 35. Bg3 Nd5 36. Ra3 Re2+ 37. Kh3 a5 38. Rg1 b5 39. Rb3 b4 40. Rbb1 a4 41. f4 Re3 42. Kg2 a3 43. Rge1 a2 44. Ra1 Rxe1 45. Bxe1 Ne3+ 46. Kf3 Nc2 47. Rc1 Nxe1+ 48. Rxe1 a1Q 49. Kf2 Qd4+ 50. Re3 Ra2+ 0-1